000 00321nam a22001457a 4500
020 _a0-14-100721-4
082 _a920
_bFRA/D
100 _aFRANK,OTTO H
100 _aPRESSLER,MIRJAM
245 _aTHE DIARY OF A YOUNG GIRL
260 _aLONDON
_bPENGUIN BOOKS
300 _a426
650 _aDIARY
_zLONDON
942 _cBK
999 _c5093
_d5093